000 00285nam a22001337a 4500
008 180221b xxu||||| |||| 00| 0 eng d
020 _a9780874775723
041 _aeng
080 _a37
100 _a47
101 _aEDU
245 _aMarva colins' way
_cCollins,M
942 _2udc
_cBK
999 _c43027
_d43027